000 00463nab a2200145Ia 4500
003 ES-SlBCS
005 20210601124321.0
008 140529s1990 xxu||||| |||| 00| 0 eng d
041 _aeng
100 1 _aSnauwaert, Dale T.
_9139645
245 0 0 _aToward a Prophetic Mythos: Purpel and Sorokin on Culture and Education
_c Dale T. Snauwaert
650 0 4 _aPurpel
_9139646
773 0 _tEducational Theory
_gvol. 40, nº. 2, 1990, págs. 231-236
_wRev1399
942 _cAR
999 _c512829
_d512829